000 00223 a2200097 4500
001 17449
100 _aMartin
245 _aIntroduction to finite element analysis
260 _a
_bTata McGraw-Hill
_c
090 _c12890
_d12890
942 _aNUST-CAE
_cM
_c3214
999 _c252522
_d252522